LEADER 00870nam0 2200277 450 001 000001546 005 20080925123716.0 100 $a20000711d1986----km-y0itay50------ba 101 0 $aita 102 $aIT 200 1 $aEsercizi di statistica$fGiovanni Girone, Giulia Sallustio 210 $aBari$cCacucci$d1986 215 $a408 p.$cill$d24 cm 610 1 $aStatistica$aEsercizi 676 $a519.5 700 1$aGirone,$bGiovanni$034768 701 1$aSallustio,$bGiulia$0377483 801 0$aIT$bUNIPARTHENOPE$gRICA$2UNIMARC 912 $a000001546 951 $cPIST$aP1 519-E/10$b503 O.U.$d20000725 951 $cNAVA1$a519-E/11$b502 O.U.$d20000725 951 $cNAVA1$a519-E/12$b501 O.U.$d20000725 951 $cNAVA1$a519-E/13$b500 O.U.$d20000725 951 $cNAVA1$a519-E/9$b504 O.U.$d20000725 996 $aEsercizi di statistica$9443371 997 $aUNIPARTHENOPE LEADER 00912nam0-22003251i-450- 001 990000279240403321 005 20001010 035 $a000027924 035 $aFED01000027924 035 $a(Aleph)000027924FED01 035 $a000027924 100 $a20001010d--------km-y0itay50------ba 101 0 $aita 105 $ay-------001yy 200 1 $aFire Performance of Furnishings as Measured in the NBS Furniture Calorimeter$fJ. Randall Lawson, W. Douglas Walton,William H. Twilley. 210 $aWashington$cNBS$d1984 215 $aXII,120 p., ill., 28 cm 225 1 $aNBSIR$v83-2787 300 $aPart I 676 $a604 700 1$aLawson,$bJ. Randall 702 1$aTwilley,$bWilliam H. 702 1$aWalton,$bW. Douglas 801 0$aIT$bUNINA$gRICA$2UNIMARC 901 $aBK 912 $a990000279240403321 952 $a04 009-23$bCI$fDINCH 959 $aDINCH 997 $aUNINA DB $aING01